=LDR 00000nam 2200000 4500 =001 000219 =005 20250710113353 =035 ##$$a 0010-0725000028 =245 1#$$a Bintang di Langit Malam /$c Sandhya Ramesh =100 1#$$a Ramesh =250 ##$$a Cetakan Pertam =300 ##$$a 24 hlm : $b ilus. ; $c 21 cm =260 ##$$a Rawamangun :$b Badan Pengembangan dan Pembinaan Bahasa,$c 2022 =082 ##$$a PB 398.209. 598 RAM b =084 ##$$a PB 398.209. 598 RAM b RAM b =020 ##$$a 978-623-307-350-9 =650 #4$$a cerita anak-terjemahan =650 #4$$a literasi-bahan bacaan